|
|
|
|
| LEADER |
00000naa2a2200000 4500 |
| 001 |
175783 |
| 005 |
20231031165144.0 |
| 035 |
|
|
|a (RuTPU)RU\TPU\book\190581
|
| 035 |
|
|
|a RU\TPU\tpu\1116
|
| 090 |
|
|
|a 175783
|
| 100 |
|
|
|a 20100217d1967 k y0rusy50 ca
|
| 101 |
0 |
|
|a rus
|
| 102 |
|
|
|a RU
|
| 200 |
1 |
|
|a Влияние различных видов излучений на некоторые свойства LiF
|f Н. М. Тимошенко
|
| 320 |
|
|
|a Библиогр.: 7 назв.
|
| 463 |
|
0 |
|0 (RuTPU)RU\TPU\book\45753
|t Радиационная физика неметаллических кристаллов
|o Труды совещания, 8-15 сентября 1965 г., Киев
|f Академия Наук СССР; Академия наук Украинской ССР; Государственный комитет по использованию атомной энергии Совета Министров СССР
|v С. 305-309
|d 1967
|p 451 с.
|
| 610 |
1 |
|
|a физика
|
| 610 |
1 |
|
|a труды учёных ТПУ
|
| 700 |
|
1 |
|a Тимошенко
|b Н. М.
|
| 801 |
|
0 |
|a RU
|b 63413507
|c 20011210
|g PSBO
|
| 801 |
|
2 |
|a RU
|b 63413507
|c 20100217
|g PSBO
|
| 942 |
|
|
|c BK
|